000 00411nam a22001697a 4500
005 20180221142415.0
008 160627b xxu||||| |||| 00| 0 eng d
020 _a81-229-0182-4
041 _aeng
082 _b10262
_a174.4
100 _aSmith, Ron F
_92801
245 _aGrauping for Ethics in Journalism
260 _bSurjeet
_c2005
300 _a400
650 _aMass Communication
_92660
942 _cBK
999 _c4170
_d4169